| 000 | 01070nam a22003257a 4500 | ||
|---|---|---|---|
| 001 | BR9904538 | ||
| 003 | BR-BrBNA | ||
| 005 | 20230928100528.0 | ||
| 007 | ta | ||
| 008 | 230509b bl.||||| |||| 00| 0 por d | ||
| 040 |
_aBR-BrBNA _bpor _cBiblioteca Nacional de Agricultura |
||
| 041 | _a(Por) | ||
| 072 |
_aL20; U30 _b8891 |
||
| 090 | _ 8891 BR9904538 | ||
| 100 | 1 | _aFrutuoso, N.G. | |
| 110 | 1 |
_aEscola Superior de Agricultura Luiz de Queiroz, Piracicaba, SP (Brasil) _0Tese (Mestre em Ciencias) |
|
| 245 | 1 | _aUso de um sistema de informacoes geograficas na analise de distribuicao do veado-campeiro (Ozotoceros bezoarticus)no Parque Nacional das Emas, Goias | |
| 260 | 3 |
_aPiracicaba, SP (Brasil): _c1999. |
|
| 300 | _a75 p. | ||
| 500 | _aSummaries (Eng, Por); Bibliography p. 67-75; 13 illus.; 8 tables | ||
| 650 | _aVeado Campeiro | ||
| 650 | _aFauna | ||
| 650 | _aHabitat | ||
| 650 | _aCondicao Ambiental | ||
| 650 | _aMetodo Estatistico | ||
| 650 | _aParque Nacional | ||
| 650 | _aGoias | ||
| 909 |
_a202309 _bLucia _c55 _dLucia Elande |
||
| 942 | _cBK | ||
| 999 |
_c61687 _d61687 |
||